[Event "39th Greek Women's Championship"]
[Site "chess24.com"]
[Date "2017.03.14"]
[Round "4"]
[White "Stoumbou, Eleni"]
[Black "Markantonaki, Haritomeni"]
[Result "0-1"]
[Board "3"]
[WhiteElo "1843"]
[WhiteCountry "GRE"]
[WhiteFideId "4210174"]
[WhiteEloChange "-3"]
[BlackElo "2174"]
[BlackTitle "WFM"]
[BlackCountry "GRE"]
[BlackFideId "4207050"]
[BlackEloChange "3"]

1. e4 {[%clk 1:30:55]} c5 {[%clk 1:30:53]} 2. Nf3 {[%clk 1:30:42]} e6 {[%clk
1:31:10]} 3. c3 {[%clk 1:31:01]} d5 {[%clk 1:31:07]} 4. exd5 {[%clk 1:31:13]}
Qxd5 {[%clk 1:31:25]} 5. d4 {[%clk 1:31:30]} Nf6 {[%clk 1:31:14]} 6. Bd3 {[%clk
1:28:39]} Nc6 {[%clk 1:27:26]} 7. O-O {[%clk 1:20:55]} cxd4 {[%clk 1:26:12]} 8.
cxd4 {[%clk 1:21:15]} Be7 {[%clk 1:25:57]} 9. Nc3 {[%clk 1:20:34]} Qd8 {[%clk
1:23:32]} 10. a3 {[%clk 1:18:01]} O-O {[%clk 1:23:34]} 11. Bc2 {[%clk 1:17:04]}
b6 {[%clk 1:22:29]} 12. Qd3 {[%clk 1:13:02]} Bb7 {[%clk 1:09:19]} 13. Bg5 {[%clk
0:52:32]} g6 {[%clk 1:09:32]} 14. Bh6 {[%clk 0:52:34]} Re8 {[%clk 1:09:57]} 15.
Rad1 {[%clk 0:52:22]} Rc8 {[%clk 0:59:21]} 16. Rfe1 {[%clk 0:48:02]} Qd6 {[%clk
0:54:39]} 17. Bb1 {[%clk 0:33:13]} Bf8 {[%clk 0:47:58]} 18. Bxf8 {[%clk 0:31:50]}
Qxf8 {[%clk 0:44:19]} 19. d5 {[%clk 0:18:43]} exd5 {[%clk 0:41:20]} 20. Rxe8
{[%clk 0:18:54]} Qxe8 {[%clk 0:40:32]} 21. Nxd5 {[%clk 0:19:08]} Nxd5 {[%clk
0:39:22]} 22. Qxd5 {[%clk 0:19:29]} Na5 {[%clk 0:36:45]} 23. Qd3 {[%clk 0:17:02]}
Nc4 {[%clk 0:34:56]} 24. Re1 {[%clk 0:16:46]} Qd8 {[%clk 0:27:01]} 25. Qe2 {[%clk
0:06:51]} Qf6 {[%clk 0:24:12]} 26. Ba2 {[%clk 0:04:28]} Bxf3 {[%clk 0:17:07]} 27.
gxf3 {[%clk 0:03:58]} Nxb2 {[%clk 0:14:35]} 28. Rb1 {[%clk 0:03:02]} Na4 {[%clk
0:10:31]} 29. Qa6 {[%clk 0:02:50]} Qg5+ {[%clk 0:10:12]} 30. Kf1 {[%clk 0:01:51]}
Rc1+ {[%clk 0:09:31]} 31. Rxc1 {[%clk 0:02:04]} Qxc1+ {[%clk 0:09:59]} 32. Kg2
{[%clk 0:02:21]} Nc3 {[%clk 0:05:44]} 33. Bc4 {[%clk 0:01:15]} Qg5+ {[%clk
0:05:12]} 34. Kf1 {[%clk 0:01:03]} Qc5 {[%clk 0:04:25]} 35. Bb3 {[%clk 0:00:52]}
Qb5+ {[%clk 0:03:50]} 36. Bc4 {[%clk 0:01:01]} Qxa6 {[%clk 0:03:41]} 37. Bxa6
{[%clk 0:01:25]} Nb1 {[%clk 0:03:44]} 38. a4 {[%clk 0:01:32]} Nc3 {[%clk
0:04:08]} 39. Bb5 {[%clk 0:01:06]} Nxb5 {[%clk 0:03:50]} 40. axb5 {[%clk
0:31:31]} Kf8 {[%clk 0:33:32]} 41. Ke2 {[%clk 0:28:18]} Ke7 {[%clk 0:33:27]} 42.
Kd3 {[%clk 0:27:30]} Kd6 {[%clk 0:33:52]} 43. Kd4 {[%clk 0:27:53]} g5 {[%clk
0:30:18]} 44. f4 {[%clk 0:22:35]} gxf4 {[%clk 0:07:43]} 45. h4 {[%clk 0:22:00]}
f5 {[%clk 0:06:37]} 46. h5 {[%clk 0:22:03]} h6 {[%clk 0:04:27]} 47. f3 {[%clk
0:22:21]} Ke6 {[%clk 0:04:53]} 0-1

[Event "39th Greek Women's Championship"]
[Site "chess24.com"]
[Date "2017.03.14"]
[Round "4"]
[White "Kouvatsou, Maria"]
[Black "Makka, Evanthia"]
[Result "0-1"]
[Board "4"]
[WhiteElo "2071"]
[WhiteTitle "WGM"]
[WhiteCountry "GRE"]
[WhiteFideId "4203593"]
[WhiteEloChange "-10"]
[BlackElo "2073"]
[BlackCountry "GRE"]
[BlackFideId "4207513"]
[BlackEloChange "10"]

1. e4 {[%clk 1:30:58]} e6 {[%clk 1:30:36]} 2. d4 {[%clk 1:31:20]} d5 {[%clk
1:31:01]} 3. exd5 {[%clk 1:31:26]} exd5 {[%clk 1:31:23]} 4. c4 {[%clk 1:31:49]}
Nf6 {[%clk 1:31:26]} 5. Nc3 {[%clk 1:32:06]} Nc6 {[%clk 1:30:59]} 6. cxd5 {[%clk
1:26:56]} Nxd5 {[%clk 1:30:53]} 7. Bc4 {[%clk 1:18:10]} Be6 {[%clk 1:26:46]} 8.
Bb3 {[%clk 1:18:21]} Be7 {[%clk 1:15:02]} 9. Nge2 {[%clk 1:17:34]} O-O {[%clk
1:14:18]} 10. O-O {[%clk 1:17:56]} Qd7 {[%clk 0:51:46]} 11. Ne4 {[%clk 1:10:41]}
Rad8 {[%clk 0:47:56]} 12. Bd2 {[%clk 0:58:40]} Nf6 {[%clk 0:38:28]} 13. Bxe6
{[%clk 0:45:39]} Qxe6 {[%clk 0:38:03]} 14. Ng5 {[%clk 0:44:58]} Qd5 {[%clk
0:32:33]} 15. Nf3 {[%clk 0:41:18]} Bd6 {[%clk 0:27:48]} 16. Bc3 {[%clk 0:38:07]}
Qh5 {[%clk 0:23:10]} 17. Re1 {[%clk 0:25:40]} Ng4 {[%clk 0:14:13]} 18. h3 {[%clk
0:24:08]} Nf6 {[%clk 0:13:05]} 19. Qb3 {[%clk 0:21:07]} b6 {[%clk 0:10:44]} 20.
Rad1 {[%clk 0:18:38]} Nd5 {[%clk 0:07:09]} 21. Qb5 {[%clk 0:14:04]} Nce7 {[%clk
0:05:12]} 22. Ng3 {[%clk 0:12:16]} Bxg3 {[%clk 0:04:45]} 23. fxg3 {[%clk
0:12:42]} Qg6 {[%clk 0:04:10]} 24. Kh2 {[%clk 0:12:28]} Qd6 {[%clk 0:03:18]} 25.
Qd3 {[%clk 0:12:06]} f6 {[%clk 0:02:20]} 26. Re2 {[%clk 0:10:02]} g6 {[%clk
0:01:02]} 27. Nd2 {[%clk 0:09:22]} f5 {[%clk 0:00:55]} 28. Nc4 {[%clk 0:08:34]}
Qf6 {[%clk 0:01:19]} 29. Ne5 {[%clk 0:08:52]} f4 {[%clk 0:01:09]} 30. g4 {[%clk
0:08:46]} Ne3 {[%clk 0:01:04]} 31. Rxe3 {[%clk 0:07:12]} fxe3 {[%clk 0:01:26]}
32. Qxe3 {[%clk 0:07:38]} Qf4+ {[%clk 0:01:23]} 33. Qxf4 {[%clk 0:08:01]} Rxf4
{[%clk 0:01:48]} 34. Kg3 {[%clk 0:07:09]} Rf6 {[%clk 0:01:29]} 35. Re1 {[%clk
0:04:19]} Re6 {[%clk 0:01:04]} 36. Re4 {[%clk 0:02:42]} Nd5 {[%clk 0:00:57]} 37.
Re1 {[%clk 0:01:29]} Rde8 {[%clk 0:01:01]} 38. Rc1 {[%clk 0:01:38]} Nxc3 {[%clk
0:01:20]} 39. bxc3 {[%clk 0:01:52]} c5 {[%clk 0:01:39]} 40. Kf4 {[%clk 0:31:49]}
Rf8+ {[%clk 0:31:51]} 41. Ke3 {[%clk 0:24:57]} Rc8 {[%clk 0:26:25]} 42. Rf1
{[%clk 0:17:40]} cxd4+ {[%clk 0:24:50]} 43. cxd4 {[%clk 0:18:03]} Rc2 {[%clk
0:24:38]} 44. Ke4 {[%clk 0:15:04]} Rxa2 {[%clk 0:22:36]} 45. Kd5 {[%clk 0:15:15]}
Re8 {[%clk 0:22:05]} 46. Kd6 {[%clk 0:09:50]} Rd2 {[%clk 0:12:35]} 47. d5 {[%clk
0:09:57]} Rd8+ {[%clk 0:11:14]} 48. Nd7 {[%clk 0:10:21]} Rxd5+ {[%clk 0:07:31]}
49. Kxd5 {[%clk 0:10:45]} Rxd7+ {[%clk 0:07:56]} 50. Ke6 {[%clk 0:11:08]} Rc7
{[%clk 0:06:42]} 51. g5 {[%clk 0:10:37]} b5 {[%clk 0:04:08]} 52. Rd1 {[%clk
0:08:12]} Kg7 {[%clk 0:03:32]} 53. h4 {[%clk 0:05:09]} a5 {[%clk 0:02:41]} 54. g4
{[%clk 0:04:27]} b4 {[%clk 0:02:14]} 55. Rd5 {[%clk 0:03:34]} a4 {[%clk 0:01:41]}
56. Rb5 {[%clk 0:03:56]} b3 {[%clk 0:01:51]} 57. h5 {[%clk 0:03:27]} gxh5 {[%clk
0:02:15]} 58. gxh5 {[%clk 0:03:39]} Ra7 {[%clk 0:01:21]} 59. Rb8 {[%clk 0:03:05]}
a3 {[%clk 0:00:48]} 60. h6+ {[%clk 0:03:14]} Kg6 {[%clk 0:01:07]} 61. Rg8+ {[%clk
0:03:22]} Kh5 {[%clk 0:01:27]} 62. Rg7 {[%clk 0:01:40]} Ra6+ {[%clk 0:01:52]} 63.
Kf5 {[%clk 0:02:05]} a2 {[%clk 0:01:12]} 64. g6 {[%clk 0:02:03]} hxg6+ {[%clk
0:01:04]} 0-1

[Event "39th Greek Women's Championship"]
[Site "chess24.com"]
[Date "2017.03.14"]
[Round "4"]
[White "Tsolakidou, Stavroula"]
[Black "Serefidou, Despina"]
[Result "1-0"]
[Board "5"]
[WhiteElo "2390"]
[WhiteTitle "WGM"]
[WhiteCountry "GRE"]
[WhiteFideId "4264312"]
[WhiteEloChange "2"]
[BlackElo "1933"]
[BlackCountry "GRE"]
[BlackFideId "4218787"]
[BlackEloChange "-2"]

1. d4 {[%clk 1:30:57]} Nf6 {[%clk 1:30:55]} 2. c4 {[%clk 1:31:23]} e6 {[%clk
1:31:20]} 3. g3 {[%clk 1:31:49]} Bb4+ {[%clk 1:31:33]} 4. Bd2 {[%clk 1:31:59]}
Be7 {[%clk 1:31:45]} 5. Bg2 {[%clk 1:32:22]} d5 {[%clk 1:32:01]} 6. Nf3 {[%clk
1:32:37]} c6 {[%clk 1:31:57]} 7. O-O {[%clk 1:32:49]} O-O {[%clk 1:31:49]} 8. Bg5
{[%clk 1:32:51]} Nbd7 {[%clk 1:30:28]} 9. Nbd2 {[%clk 1:33:04]} b6 {[%clk
1:28:46]} 10. Qa4 {[%clk 1:32:44]} Bb7 {[%clk 1:23:27]} 11. Rfd1 {[%clk 1:32:18]}
h6 {[%clk 1:09:57]} 12. Bxf6 {[%clk 1:32:25]} Nxf6 {[%clk 1:00:56]} 13. Rac1
{[%clk 1:08:59]} Qb8 {[%clk 0:44:12]} 14. Ne5 {[%clk 0:50:59]} c5 {[%clk
0:28:27]} 15. Nc6 {[%clk 0:30:30]} Bxc6 {[%clk 0:20:50]} 16. Qxc6 {[%clk
0:30:54]} Qe8 {[%clk 0:20:58]} 17. Qxe8 {[%clk 0:25:32]} Rfxe8 {[%clk 0:19:28]}
18. dxc5 {[%clk 0:24:47]} bxc5 {[%clk 0:14:59]} 19. Nb3 {[%clk 0:22:06]} Rad8
{[%clk 0:11:54]} 20. cxd5 {[%clk 0:17:42]} exd5 {[%clk 0:12:13]} 21. e3 {[%clk
0:18:06]} c4 {[%clk 0:11:08]} 22. Nd4 {[%clk 0:16:52]} Bf8 {[%clk 0:07:07]} 23.
Rc2 {[%clk 0:14:22]} a6 {[%clk 0:04:16]} 24. Bf3 {[%clk 0:11:01]} Ne4 {[%clk
0:03:56]} 25. Ne2 {[%clk 0:09:35]} Bb4 {[%clk 0:03:12]} 26. Bxe4 {[%clk 0:03:43]}
Rxe4 {[%clk 0:03:29]} 27. Nf4 {[%clk 0:03:57]} Re5 {[%clk 0:00:40]} 28. Rxc4
{[%clk 0:04:13]} dxc4 {[%clk 0:00:47]} 29. Rxd8+ {[%clk 0:04:38]} Kh7 {[%clk
0:01:01]} 30. Rc8 {[%clk 0:04:32]} Rc5 {[%clk 0:00:59]} 31. Rxc5 {[%clk 0:04:45]}
Bxc5 {[%clk 0:01:26]} 32. Kf1 {[%clk 0:01:27]} g5 {[%clk 0:01:50]} 33. Nd5 {[%clk
0:01:49]} Kg6 {[%clk 0:02:06]} 34. Ke2 {[%clk 0:00:49]} Kf5 {[%clk 0:02:26]} 35.
h3 {[%clk 0:00:36]} Ke5 {[%clk 0:02:30]} 36. Nc3 {[%clk 0:00:47]} f5 {[%clk
0:02:21]} 37. f4+ {[%clk 0:00:35]} gxf4 {[%clk 0:01:42]} 38. gxf4+ {[%clk
0:00:40]} Ke6 {[%clk 0:01:39]} 39. b3 {[%clk 0:00:34]} cxb3 {[%clk 0:01:57]} 40.
axb3 {[%clk 0:31:02]} a5 {[%clk 0:31:06]} 41. Kd3 {[%clk 0:22:14]} Bb6 {[%clk
0:16:24]} 42. Ne2 {[%clk 0:22:01]} Bc5 {[%clk 0:15:59]} 43. Nd4+ {[%clk 0:20:34]}
Kf6 {[%clk 0:15:48]} 44. Nc2 {[%clk 0:19:32]} Ke6 {[%clk 0:02:36]} 45. Kc4 {[%clk
0:18:55]} Bb6 {[%clk 0:02:22]} 46. Nd4+ {[%clk 0:19:13]} Kf6 {[%clk 0:00:59]} 47.
Kb5 {[%clk 0:17:10]} Bc7 {[%clk 0:01:15]} 48. Nc6 {[%clk 0:09:34]} Kg6 {[%clk
0:00:36]} 49. Ne7+ {[%clk 0:09:35]} Kh5 {[%clk 0:00:33]} 50. Nxf5 {[%clk
0:09:50]} Kg6 {[%clk 0:00:37]} 51. Ng3 {[%clk 0:08:32]} Kf6 {[%clk 0:00:39]} 52.
Kc6 {[%clk 0:08:47]} Bd8 {[%clk 0:00:41]} 53. Kd5 {[%clk 0:08:58]} Bb6 {[%clk
0:00:37]} 54. Ke4 {[%clk 0:08:09]} Bc5 {[%clk 0:00:41]} 55. h4 {[%clk 0:08:31]}
Bb4 {[%clk 0:00:38]} 56. h5 {[%clk 0:08:44]} Kg7 {[%clk 0:00:33]} 57. Nf5+ {[%clk
0:08:59]} Kh7 {[%clk 0:00:34]} 58. Kf3 {[%clk 0:09:22]} Bf8 {[%clk 0:00:39]} 59.
e4 {[%clk 0:09:40]} Kg8 {[%clk 0:00:58]} 60. e5 {[%clk 0:10:02]} Kf7 {[%clk
0:01:14]} 61. Ke4 {[%clk 0:10:17]} Ke6 {[%clk 0:01:16]} 62. Nd4+ {[%clk 0:10:39]}
Kf7 {[%clk 0:01:09]} 63. Kd5 {[%clk 0:10:53]} Bb4 {[%clk 0:00:45]} 64. f5 {[%clk
0:11:10]} Bc3 {[%clk 0:00:35]} 65. f6 {[%clk 0:11:25]} 1-0

[Event "39th Greek Women's Championship"]
[Site "chess24.com"]
[Date "2017.03.15"]
[Round "5"]
[White "Serefidou, Despina"]
[Black "Grapsa, Georgia"]
[Result "1/2-1/2"]
[Board "1"]
[WhiteElo "1933"]
[WhiteCountry "GRE"]
[WhiteFideId "4218787"]
[WhiteEloChange "3"]
[BlackElo "2049"]
[BlackTitle "WFM"]
[BlackCountry "GRE"]
[BlackFideId "4206436"]
[BlackEloChange "-3"]

1. e4 {[%clk 1:30:58]} c6 {[%clk 1:30:55]} 2. d4 {[%clk 1:31:20]} d5 {[%clk
1:31:21]} 3. Nc3 {[%clk 1:31:40]} g6 {[%clk 1:31:48]} 4. Nf3 {[%clk 1:31:31]} Bg7
{[%clk 1:32:14]} 5. h3 {[%clk 1:30:30]} Nf6 {[%clk 1:32:39]} 6. Bd3 {[%clk
1:16:32]} dxe4 {[%clk 1:31:36]} 7. Nxe4 {[%clk 1:15:33]} Nxe4 {[%clk 1:32:01]} 8.
Bxe4 {[%clk 1:15:57]} O-O {[%clk 1:32:22]} 9. c3 {[%clk 1:15:27]} Nd7 {[%clk
1:32:04]} 10. O-O {[%clk 1:13:54]} Qc7 {[%clk 1:26:05]} 11. Re1 {[%clk 1:09:10]}
e5 {[%clk 1:25:11]} 12. dxe5 {[%clk 1:08:20]} Nxe5 {[%clk 1:25:36]} 13. Bf4
{[%clk 1:04:06]} Rd8 {[%clk 1:13:46]} 14. Qe2 {[%clk 1:02:21]} Nxf3+ {[%clk
1:14:10]} 15. Qxf3 {[%clk 1:02:45]} Qb6 {[%clk 1:14:26]} 16. Bg5 {[%clk 0:51:25]}
Rf8 {[%clk 1:14:47]} 17. Re2 {[%clk 0:39:29]} Be6 {[%clk 1:11:53]} 18. Rd2 {[%clk
0:35:45]} a5 {[%clk 1:08:58]} 19. a3 {[%clk 0:29:06]} a4 {[%clk 1:04:36]} 20. Re1
{[%clk 0:27:31]} Rfe8 {[%clk 1:01:39]} 21. Qd1 {[%clk 0:22:16]} Qa5 {[%clk
0:57:42]} 22. Bf4 {[%clk 0:19:42]} Bb3 {[%clk 0:48:08]} 23. Bc2 {[%clk 0:15:15]}
Rxe1+ {[%clk 0:47:48]} 24. Qxe1 {[%clk 0:15:40]} Bxc2 {[%clk 0:47:39]} 25. Rxc2
{[%clk 0:16:05]} Qf5 {[%clk 0:48:05]} 26. Qc1 {[%clk 0:15:55]} Re8 {[%clk
0:47:35]} 27. Be3 {[%clk 0:14:49]} Bf6 {[%clk 0:38:33]} 28. Rd2 {[%clk 0:08:25]}
Bg5 {[%clk 0:37:26]} 29. Bxg5 {[%clk 0:08:32]} Qxg5 {[%clk 0:37:51]} 30. Qd1
{[%clk 0:08:34]} Qe5 {[%clk 0:38:01]} 31. Rd8 {[%clk 0:07:08]} Rxd8 {[%clk
0:33:32]} 32. Qxd8+ {[%clk 0:07:32]} Kg7 {[%clk 0:34:00]} 33. Qb6 {[%clk
0:07:44]} Qe1+ {[%clk 0:34:20]} 34. Kh2 {[%clk 0:08:08]} Qe5+ {[%clk 0:34:45]}
1/2-1/2

[Event "39th Greek Women's Championship"]
[Site "chess24.com"]
[Date "2017.03.15"]
[Round "5"]
[White "Makka, Evanthia"]
[Black "Tsolakidou, Stavroula"]
[Result "0-1"]
[Board "2"]
[WhiteElo "2073"]
[WhiteCountry "GRE"]
[WhiteFideId "4207513"]
[WhiteEloChange "-3"]
[BlackElo "2390"]
[BlackTitle "WGM"]
[BlackCountry "GRE"]
[BlackFideId "4264312"]
[BlackEloChange "3"]

1. Nf3 {[%clk 1:30:51]} Nf6 {[%clk 1:30:53]} 2. g3 {[%clk 1:30:57]} d5 {[%clk
1:31:07]} 3. Bg2 {[%clk 1:31:17]} c6 {[%clk 1:31:28]} 4. O-O {[%clk 1:31:33]} Bg4
{[%clk 1:31:23]} 5. d3 {[%clk 1:31:32]} Nbd7 {[%clk 1:31:34]} 6. Qe1 {[%clk
1:31:12]} e5 {[%clk 1:31:20]} 7. e4 {[%clk 1:31:31]} Bd6 {[%clk 1:23:15]} 8. exd5
{[%clk 1:07:04]} Nxd5 {[%clk 1:23:37]} 9. d4 {[%clk 0:49:12]} O-O {[%clk
1:02:57]} 10. dxe5 {[%clk 0:38:09]} Re8 {[%clk 0:59:10]} 11. Qe4 {[%clk 0:27:17]}
f5 {[%clk 0:51:20]} 12. Qc4 {[%clk 0:21:07]} Nxe5 {[%clk 0:46:43]} 13. Qb3 {[%clk
0:20:19]} Qb6 {[%clk 0:39:26]} 14. Nxe5 {[%clk 0:16:06]} Bxe5 {[%clk 0:31:36]}
15. c3 {[%clk 0:14:35]} f4 {[%clk 0:25:20]} 16. Qxb6 {[%clk 0:12:03]} axb6 {[%clk
0:24:39]} 17. Nd2 {[%clk 0:12:14]} Rad8 {[%clk 0:11:21]} 18. Nf3 {[%clk 0:11:31]}
Bc7 {[%clk 0:11:23]} 19. Bd2 {[%clk 0:09:22]} b5 {[%clk 0:11:47]} 20. Rae1 {[%clk
0:09:03]} Nb6 {[%clk 0:09:10]} 21. Bc1 {[%clk 0:08:37]} Be6 {[%clk 0:07:20]} 22.
b3 {[%clk 0:05:41]} Bd5 {[%clk 0:04:26]} 23. Nd4 {[%clk 0:03:51]} Rxe1 {[%clk
0:04:18]} 24. Rxe1 {[%clk 0:04:13]} Bxg2 {[%clk 0:04:42]} 25. Kxg2 {[%clk
0:04:34]} Nd5 {[%clk 0:04:49]} 26. Ne6 {[%clk 0:03:09]} Re8 {[%clk 0:04:13]} 27.
Bd2 {[%clk 0:02:53]} fxg3 {[%clk 0:02:57]} 28. hxg3 {[%clk 0:02:05]} Ba5 {[%clk
0:03:02]} 29. b4 {[%clk 0:01:42]} Bb6 {[%clk 0:03:28]} 30. Ng5 {[%clk 0:00:43]}
Ra8 {[%clk 0:02:42]} 31. Ra1 {[%clk 0:00:37]} Nf6 {[%clk 0:01:56]} 32. Be1 {[%clk
0:00:31]} h6 {[%clk 0:01:52]} 33. Nh3 {[%clk 0:00:47]} Bc7 {[%clk 0:01:14]} 34.
f3 {[%clk 0:00:55]} Nd5 {[%clk 0:01:40]} 35. f4 {[%clk 0:00:40]} Bb6 {[%clk
0:00:38]} 36. Kf3 {[%clk 0:00:55]} Ra3 {[%clk 0:00:58]} 37. Rc1 {[%clk 0:00:39]}
Nxb4 {[%clk 0:01:21]} 38. Ke4 {[%clk 0:00:57]} Nd5 {[%clk 0:00:38]} 39. Rc2
{[%clk 0:00:54]} Ba5 {[%clk 0:00:47]} 40. Kf5 {[%clk 0:30:34]} Bxc3 {[%clk
0:30:44]} 41. Bf2 {[%clk 0:28:01]} Be1 {[%clk 0:25:26]} 42. Re2 {[%clk 0:24:22]}
Bxf2 {[%clk 0:23:23]} 43. Nxf2 {[%clk 0:24:30]} Rxg3 {[%clk 0:22:06]} 44. Re8+
{[%clk 0:24:40]} Kf7 {[%clk 0:20:41]} 45. Rb8 {[%clk 0:24:58]} Rf3 {[%clk
0:21:02]} 46. Ke5 {[%clk 0:24:24]} 0-1

[Event "39th Greek Women's Championship"]
[Site "chess24.com"]
[Date "2017.03.15"]
[Round "5"]
[White "Markantonaki, Haritomeni"]
[Black "Kouvatsou, Maria"]
[Result "1-0"]
[Board "3"]
[WhiteElo "2174"]
[WhiteTitle "WFM"]
[WhiteCountry "GRE"]
[WhiteFideId "4207050"]
[WhiteEloChange "7"]
[BlackElo "2071"]
[BlackTitle "WGM"]
[BlackCountry "GRE"]
[BlackFideId "4203593"]
[BlackEloChange "-7"]

1. e4 {[%clk 1:30:55]} e5 {[%clk 1:30:56]} 2. Nf3 {[%clk 1:31:20]} Nc6 {[%clk
1:31:23]} 3. Bb5 {[%clk 1:31:34]} a6 {[%clk 1:31:43]} 4. Ba4 {[%clk 1:31:53]} Nf6
{[%clk 1:32:02]} 5. O-O {[%clk 1:31:52]} b5 {[%clk 1:32:20]} 6. Bb3 {[%clk
1:32:17]} Be7 {[%clk 1:32:45]} 7. Re1 {[%clk 1:31:34]} d6 {[%clk 1:32:44]} 8. c3
{[%clk 1:31:45]} Bg4 {[%clk 1:27:22]} 9. d3 {[%clk 1:30:39]} O-O {[%clk 1:21:26]}
10. Nbd2 {[%clk 1:30:13]} d5 {[%clk 1:15:47]} 11. Qe2 {[%clk 1:28:54]} dxe4
{[%clk 1:00:16]} 12. dxe4 {[%clk 1:28:50]} Na5 {[%clk 0:58:12]} 13. Bc2 {[%clk
1:28:05]} Nd7 {[%clk 0:57:43]} 14. Nf1 {[%clk 1:24:02]} Nc4 {[%clk 0:53:05]} 15.
Ng3 {[%clk 1:17:16]} a5 {[%clk 0:47:24]} 16. a4 {[%clk 1:11:36]} Bxf3 {[%clk
0:31:18]} 17. Qxf3 {[%clk 1:11:16]} b4 {[%clk 0:29:11]} 18. Bb3 {[%clk 1:03:37]}
Nd6 {[%clk 0:28:15]} 19. cxb4 {[%clk 0:53:30]} axb4 {[%clk 0:28:03]} 20. Be3
{[%clk 0:52:27]} Bg5 {[%clk 0:23:26]} 21. Red1 {[%clk 0:48:32]} Bxe3 {[%clk
0:20:14]} 22. Qxe3 {[%clk 0:48:46]} Qe7 {[%clk 0:20:13]} 23. a5 {[%clk 0:32:31]}
Ra6 {[%clk 0:12:20]} 24. Qd2 {[%clk 0:28:35]} Rb8 {[%clk 0:10:20]} 25. Nf5 {[%clk
0:26:08]} Nxf5 {[%clk 0:07:14]} 26. Qxd7 {[%clk 0:25:07]} Qxd7 {[%clk 0:06:29]}
27. Rxd7 {[%clk 0:25:35]} Nd6 {[%clk 0:06:13]} 28. Rxc7 {[%clk 0:24:50]} Rf8
{[%clk 0:02:42]} 29. f3 {[%clk 0:23:53]} g6 {[%clk 0:03:01]} 30. Re7 {[%clk
0:23:03]} Kg7 {[%clk 0:01:44]} 31. Rxe5 {[%clk 0:22:24]} Rfa8 {[%clk 0:01:24]}
32. Rd1 {[%clk 0:18:10]} R8a7 {[%clk 0:01:28]} 33. Rd4 {[%clk 0:16:17]} Nb7
{[%clk 0:00:59]} 34. Re7 {[%clk 0:13:39]} Nxa5 {[%clk 0:01:19]} 35. Rxa7 {[%clk
0:13:53]} Rxa7 {[%clk 0:01:45]} 36. Rxb4 {[%clk 0:14:06]} Nxb3 {[%clk 0:02:05]}
37. Rxb3 {[%clk 0:14:33]} Kf6 {[%clk 0:02:26]} 38. Kf2 {[%clk 0:14:42]} Ra1
{[%clk 0:02:10]} 39. Rb6+ {[%clk 0:14:16]} Ke5 {[%clk 0:01:47]} 40. Rb5+ {[%clk
0:43:33]} Ke6 {[%clk 0:31:18]} 41. g4 {[%clk 0:39:12]} h6 {[%clk 0:31:20]} 42. h4
{[%clk 0:39:13]} Rb1 {[%clk 0:30:10]} 43. Ke3 {[%clk 0:37:48]} Rh1 {[%clk
0:26:59]} 44. h5 {[%clk 0:38:00]} Rb1 {[%clk 0:27:03]} 45. Rb6+ {[%clk 0:38:00]}
1-0

[Event "39th Greek Women's Championship"]
[Site "chess24.com"]
[Date "2017.03.15"]
[Round "5"]
[White "Pavlidou, Ekaterini"]
[Black "Stoumbou, Eleni"]
[Result "1-0"]
[Board "4"]
[WhiteElo "2166"]
[WhiteTitle "WIM"]
[WhiteCountry "GRE"]
[WhiteFideId "4213262"]
[WhiteEloChange "3"]
[BlackElo "1843"]
[BlackCountry "GRE"]
[BlackFideId "4210174"]
[BlackEloChange "-3"]

1. c4 {[%clk 1:30:42]} e5 {[%clk 1:30:32]} 2. Nc3 {[%clk 1:30:48]} Nf6 {[%clk
1:30:45]} 3. g3 {[%clk 1:30:51]} d5 {[%clk 1:30:51]} 4. cxd5 {[%clk 1:31:10]}
Nxd5 {[%clk 1:31:17]} 5. Bg2 {[%clk 1:31:25]} Nb6 {[%clk 1:30:40]} 6. e3 {[%clk
1:31:13]} c6 {[%clk 1:11:47]} 7. Nge2 {[%clk 1:31:15]} Bg4 {[%clk 1:06:56]} 8. h3
{[%clk 1:31:19]} Be6 {[%clk 1:06:21]} 9. O-O {[%clk 1:26:12]} N8d7 {[%clk
1:03:23]} 10. f4 {[%clk 1:23:12]} f6 {[%clk 0:51:32]} 11. d4 {[%clk 1:18:59]} Qc7
{[%clk 0:45:07]} 12. a4 {[%clk 1:02:46]} a5 {[%clk 0:43:28]} 13. fxe5 {[%clk
0:59:34]} fxe5 {[%clk 0:43:49]} 14. d5 {[%clk 0:56:12]} Nxd5 {[%clk 0:35:36]} 15.
Nxd5 {[%clk 0:56:21]} Bxd5 {[%clk 0:35:59]} 16. Bxd5 {[%clk 0:55:51]} cxd5 {[%clk
0:36:21]} 17. Nc3 {[%clk 0:55:08]} Bc5 {[%clk 0:14:28]} 18. Nxd5 {[%clk 0:24:44]}
Qd6 {[%clk 0:14:47]} 19. b4 {[%clk 0:19:45]} axb4 {[%clk 0:15:01]} 20. Bb2 {[%clk
0:19:21]} O-O-O {[%clk 0:07:27]} 21. Qb3 {[%clk 0:19:35]} e4 {[%clk 0:05:05]} 22.
Kg2 {[%clk 0:19:26]} Nb6 {[%clk 0:04:21]} 23. Nxb6+ {[%clk 0:19:22]} Qxb6 {[%clk
0:04:04]} 24. Rf2 {[%clk 0:17:44]} Bxe3 {[%clk 0:03:29]} 25. a5 {[%clk 0:18:07]}
Qh6 {[%clk 0:02:53]} 26. Rc2+ {[%clk 0:18:31]} Kb8 {[%clk 0:02:10]} 27. Be5+
{[%clk 0:18:30]} Ka7 {[%clk 0:01:30]} 28. a6 {[%clk 0:17:06]} Rd2+ {[%clk
0:00:55]} 29. Rxd2 {[%clk 0:17:29]} Bxd2 {[%clk 0:01:11]} 30. axb7+ {[%clk
0:17:31]} Kxb7 {[%clk 0:01:23]} 31. Qd5+ {[%clk 0:16:03]} Kb6 {[%clk 0:01:28]}
32. Bd4+ {[%clk 0:16:15]} 1-0